000 00704nam a2200241 a 4500
008
020 _a0201210932 (cased)
049 _aMAIN
090 _aQD31.2
245 0 0 _aAddison - Wesley chemistry /
_cAntony C. Wilbraham ... [et al.]
260 _aMenlo Park :
_bAddison - Wesley,
_c1987.
300 _aix, 708 p. :
_bill. (some col.) ;
_c26 cm.
504 _aIncludes bibliographical references.
500 _aIncludes index.
650 0 _aChemistry.
700 1 0 _aWilbraham, Antony C.
740 0 1 _aChemistry.
907 _a.b10119115
_b01-06-04
_c22-04-04
003
005 20230123133712.0
040 _cNUST
942 _cBOOKS
_kQD31.2
999 _c153146
_d153146